000 00611nam a2200145Ia 4500
008 100204s9999 xx 000 0 und d
082 _b7791
100 _aताम्हाणे चंद्र्रकांत / सहस्त्रभोजनी
245 _aमहाराष्ट्र इयर बुक 1985
260 _b"सुमंगल पब्लिशिंग कं. , मुंबई 14"
_c1985
300 _a248
630 _aमहाराष्ट्र इयर बुक 1985
730 _aमहाराष्ट्र इयर बुक 1985
942 _cBOOK
999 _c452227
_d452224